Národná rada SR schválila nový zákon o spotrebiteľských úveroch

Bibliographic Details
Main Author: Dvořáček, Vladimír (Author)
Format: Article
Language:Slovak
ISSN:1335-0900
Subjects:
Online Access:http://www.nbs.sk/_img/Documents/_PUBLIK_NBS_FSR/Biatec/Rok2010/biatec0410.pdf

MARC

LEADER 00000nab a2200000 a 4500
001 vtls010105752
003 SK-MaSNL
005 20260304155632.0
008 250507c2010 xo ||||||||||||00 b|slo
015 |a SNBRB2010/06  |2 snkbucl 
035 |a (uuid)4cc04bad-9dce-4749-8817-6778638ea9fb 
035 |a urn:nbn:sk:snk-ab24x6 
035 |a (urnnbn)urn:nbn:sk:snk:ar-a01nx0 
038 |a SNKBUCL 
040 |a SNKBUCL  |b slo  |c SNKBUCL  |e AACR2 
041 0 |a slo 
044 |a xo  |c SK 
080 |a 336.77:340.13  |2 2001 
080 |a 340.13  |2 2001 
100 1 |a Dvořáček, Vladimír  |4 aut  |9 804285 
245 1 0 |a Národná rada SR schválila nový zákon o spotrebiteľských úveroch  |c Vladimír Dvořáček 
650 0 7 |a spotrebiteľské úvery  |2 snkbucl  |9 97593 
650 0 7 |a legislatíva  |2 snkbucl  |9 121217 
773 0 |t Biatec  |g Roč. 18, č. 4 (2010), s. 30-32  |x 1335-0900 
850 |a Slovenská národná knižnica 
852 |a Slovenská národná knižnica 
856 4 1 |u http://www.nbs.sk/_img/Documents/_PUBLIK_NBS_FSR/Biatec/Rok2010/biatec0410.pdf 
954 |a odborná, vedecká literatúra pôvodná (slovenská)  |2 lita 
958 |a article2022 
958 |a OND 
958 |a EUIPO 
999 |c 2963513  |d 2965443